00375nam a2200133 4500001000500000005001700005020001800022100001500040245007200055260004700127300001900174650001400193650003400207420420181127172845.000a978819263763100aDorji, C.T00aA glimpse of the national library of Bhutan /bcDr. C. T. Dorji.h00aNew Delhi :bProminent Publishers, c2013.00a36 p. ; 18 cm.00aBhutan.x00aNational Library of Bhutan.x